000 00976cam a2200253 a 4500
001 000019269
003 DO-SdBNP
005 20251029093901.0
008 790912s1975 ve b f001 0 spa d
040 _aDO-SdBNP
_bspa
_cLC
_dBNPHU
049 _aBNGR
050 0 0 _aF2322.P14
_bR35
082 _ann*
_bR173l
100 1 _aRamírez F., Joaquin A.
_941453
245 1 3 _aLa lucha de los alcaldes por el gobierno de la provincia :
_bel formidable pleito entre el licenciado don Juan de Padilla Guardiola y el cabildo caraqueño de 1675 /
_cJoaquin A. Ramírez F.
260 _aCaracas :
_bBanco Central de Venezuela,
_c1975.
300 _a358 p. ;
_c23 cm.
504 _aIncluye referencias bibliográficas e índice.
600 1 0 _aPadilla Guardiola, Juan de,
_dd. 1691.
_941454
651 7 _aVenezuela
_xPolítica y gobierno
_yHasta 1810
_926230
651 7 _aCaracas (Venezuela)
_xPolítica y gobierno
_941456
910 _aCatalogación derivada / LC
942 _2ddc
_cLBS1
999 _c18787
_d18787